| 000 | 00825nam a2200253 a 4500 | ||
|---|---|---|---|
| 001 | BRCA_4128 | ||
| 005 | 20190320204544.0 | ||
| 008 | 091112s1909----u--a######---#000-0#eng-u | ||
| 041 | _aeng | ||
| 044 | _au | ||
| 050 | 4 |
_aF1215 _b.C36 2 _c1909 |
|
| 100 | 1 |
_aCampbell, Reau _98042 |
|
| 245 | 1 | 0 |
_aCampbell´s new revised complete guide and descriptive book of Mexico _cby Reau Campbell. |
| 260 |
_aChicago, Illinois _bR. Campbell _c1909 |
||
| 300 |
_avi, 352 p. _bil. _c19 cm. |
||
| 500 | _aIncluye tabla de términos, índice cronológico e índice alfabético | ||
| 500 | _aIncluye 1 mapa de México a color y se encuentra suelto | ||
| 500 | _aEjemplar igual a B23 | ||
| 500 | _aC156 | ||
| 650 | 1 | 4 |
_aViajeros estadounidenses _97583 |
| 651 | 4 |
_aMéxico _xDescripción y viajes _9103 |
|
| 902 | _aGFM | ||
| 942 |
_2lcc _cB |
||
| 999 |
_c3844 _d3844 |
||